[Event "AUTO-OPEN-1488"]
[Site "http://www.queenalice.com/game.php?id=561136"]
[Date "2009.3.24"]
[Round "1"]
[White "lobispito"]
[Black "renatodark"]
[Result "1-0"]
[WhiteElo "1664"]
[BlackElo "1700"]

1. e4 e5 2. Qh5 Qf6 3. Nf3 d6 4. Nc3 g6 5. Qg5 Qxg5 6. Nxg5 Bh6 7. Nd5 Kd7 8.
Nxf7 Bg7 9. Nxh8 Bxh8 10. Bc4 Nh6 11. d3 Nf7 12. O-O c6 13. Ne3 Ng5 14. Ng4 Kd8
15. Bxg5+ Kc7 16. Nh6 Bg7 17. Nf7 Bd7 18. Bd8+ Kc8 19. Bg5 Bf8 20. f4 exf4 21.
Rxf4 Be8 22. Be6+ Bd7 23. Bxd7+ Kxd7 24. e5 dxe5 25. Nxe5+ Ke8 26. Re1 1-0

[Event "AUTO-OPEN-1488"]
[Site "http://www.queenalice.com/game.php?id=561151"]
[Date "2009.3.24"]
[Round "1"]
[White "renatodark"]
[Black "donnybaby"]
[Result "0-1"]
[WhiteElo "1497"]
[BlackElo "1570"]

1. e4 e6 2. d4 c6 3. Bf4 a6 4. c4 a5 5. Qg4 a4 6. Qg3 Bb4+ 7. Nc3 Qf6 8. Be5 Qg6
9. Bxg7 Qxe4+ 10. Ne2 Bxc3+ 11. bxc3 Ne7 12. Bxh8 Ng6 13. Qc7 Na6 14. Qg3 Qc2
15. Bf6 Qf5 16. Be5 d5 17. cxd5 cxd5 18. h3 Bd7 19. Qe3 h5 20. Ng3 Qc2 21. Nxh5
O-O-O 22. Bd3 Qxc3+ 23. Ke2 Qb2+ 24. Qd2 Qxd2+ 25. Kxd2 Nxe5 26. dxe5 Nc5 27.
Rhc1 b6 0-1

[Event "Challenge"]
[Site "http://www.queenalice.com/game.php?id=561761"]
[Date "2009.3.26"]
[Round "-"]
[White "renatodark"]
[Black "garca"]
[Result "0-1"]
[WhiteElo "1497"]
[BlackElo "1905"]

1. e4 e5 2. Nf3 d6 3. h3 Nf6 4. Bc4 h6 5. Nc3 Be7 6. d4 exd4 7. Qxd4 Nc6 8. Bb5
Bd7 9. Bxc6 Bxc6 10. Bf4 O-O 11. e5 dxe5 12. Qxe5 Bd6 13. Qf5 Bxf3 14. gxf3 Bxf4
15. Qxf4 Re8+ 16. Kf1 Re6 17. Rg1 Qe7 18. Qg3 g6 19. Qf4 h5 20. Rd1 Re8 21. Qd2
Rd6 22. Qe1 Rxd1 23. Qxd1 Qe6 24. a4 Qxh3+ 25. Rg2 Kg7 0-1

[Event "Let's Play Chess!"]
[Site "http://www.queenalice.com/game.php?id=561806"]
[Date "2009.3.26"]
[Round "-"]
[White "pegasususa"]
[Black "renatodark"]
[Result "0-1"]
[WhiteElo "1296"]
[BlackElo "1700"]

1. e4 e5 2. Nf3 Nc6 3. d3 g6 4. Be2 d5 5. exd5 Qxd5 6. O-O Bg4 7. Re1 Bc5 8. c3
O-O-O 9. d4 exd4 10. Nxd4 Bxe2 11. Qxe2 Nxd4 12. cxd4 Bxd4 13. Nc3 Qf5 14. g3
Nf6 15. Bf4 Ng4 16. Kg2 Rhe8 17. Qd2 Rxe1 18. Qxe1 Bxf2 19. Qe2 Qh5 20. h3 Ne3+
21. Kxf2 Qxe2+ 22. Nxe2 Nd1+ 23. Kf3 Nxb2 24. Rc1 c6 25. Rc3 Nd1 26. Rc4 Rd3+
27. Kg4 Kd7 28. Bg5 f6 29. Bxf6 Ne3+ 30. Kf4 Nxc4 31. Kg4 Ke6 32. Bg5 h5+ 33.
Kf4 Rd2 34. Nc3 Rd4+ 35. Ne4 Nd6 36. Ke3 Rxe4+ 37. Kd3 c5 38. h4 c4+ 39. Kc3 b5
40. a3 Rg4 41. Bf4 Ne4+ 42. Kb4 a6 43. a4 bxa4 44. Kxc4 Nxg3 45. Kc3 Rxf4 46.
Kb2 Rf3 47. Ka2 Kd5 48. Kb2 Kc4 49. Ka2 Kb4 50. Kb2 Rf2+ 51. Ka1 Kb3 52. Kb1
Rf1# 0-1

[Event "Let's Play Chess!"]
[Site "http://www.queenalice.com/game.php?id=561809"]
[Date "2009.3.26"]
[Round "-"]
[White "pegasususa"]
[Black "renatodark"]
[Result "0-1"]
[WhiteElo "1296"]
[BlackElo "1700"]

1. e4 e5 2. Nf3 Nc6 3. d3 Bc5 4. c3 Nf6 5. Be2 d5 6. d4 exd4 7. Nxd4 Nxe4 8. Be3
Qf6 9. Bf3 Nxd4 10. cxd4 Bb4+ 11. Nd2 Bxd2+ 12. Bxd2 Qxd4 13. O-O Nxd2 14. Re1+
Be6 15. g3 O-O 16. Bg2 Bg4 17. Qc1 c6 18. a3 Bf3 19. b4 Nb3 20. Qb1 Nxa1 21.
Bxf3 Qc3 22. Re3 Qf6 23. Kg2 Rfe8 24. Rxe8+ Rxe8 25. Qd3 Qe6 26. Qb1 Qe1 27. Qf5
Nb3 28. h4 Nd2 29. Bg4 Qf1+ 30. Kh2 g6 31. Qf4 Ne4 32. Bh3 Qxf2+ 33. Qxf2 Nxf2
34. Bd7 Re3 35. Kg2 Ne4 36. a4 d4 37. Bc8 b6 38. Bb7 c5 39. bxc5 Nxc5 40. Bf3 d3
41. Kf2 Re5 42. g4 Ne4+ 43. Ke1 Ng5+ 44. Kf2 Nxf3 45. Kxf3 d2 46. Kf4 Re6 47. h5
d1=Q 48. hxg6 Qf1+ 49. Kg5 Re5+ 50. Kh6 Qh3# 0-1

[Event "xadrez"]
[Site "http://www.queenalice.com/game.php?id=561866"]
[Date "2009.3.26"]
[Round "-"]
[White "renatodark"]
[Black "tiagohi"]
[Result "0-1"]
[WhiteElo "1467"]
[BlackElo "1426"]

1. e4 e5 2. Nf3 f6 3. Bc4 Nc6 4. d4 d6 5. d5 Nb4 6. a3 Na6 7. Nc3 c6 8. dxc6 Nh6
9. Bb5 bxc6 10. Bxc6+ Bd7 11. Bxa8 Qxa8 12. Qd3 Qb7 13. Nd5 Ng4 14. Qxa6 Qxa6
15. Nc7+ Kf7 16. Nxa6 Be7 17. h3 Nh6 18. O-O Rc8 19. c3 Rc4 20. Re1 Bc8 21. Nb4
a5 22. Nd5 Bb7 23. Bxh6 gxh6 24. Rad1 Rc5 25. b4 axb4 0-1

[Event "Let's Play Chess!"]
[Site "http://www.queenalice.com/game.php?id=566570"]
[Date "2009.4.4"]
[Round "-"]
[White "mapecole"]
[Black "renatodark"]
[Result "1-0"]
[WhiteElo "1392"]
[BlackElo "1638"]

1. e4 e5 2. f3 d5 3. d3 dxe4 4. dxe4 Qxd1+ 5. Kxd1 Bc5 6. Ne2 Be6 7. Nec3 c6 8.
Bd3 Nf6 9. Na4 Be7 10. f4 exf4 11. Bxf4 Nbd7 12. e5 Ng4 13. Rf1 Ngxe5 14. Be2
Rd8 15. Nd2 Ng6 16. Bh5 1-0

[Event "Let's Play Chess!"]
[Site "http://www.queenalice.com/game.php?id=566571"]
[Date "2009.4.4"]
[Round "-"]
[White "renatodark"]
[Black "mapecole"]
[Result "0-1"]
[WhiteElo "1557"]
[BlackElo "1418"]

1. e4 e5 2. Nf3 d6 3. d4 Bg4 4. dxe5 Nc6 5. exd6 Bxd6 6. h3 Bxf3 7. Qxf3 Nf6 8.
Bc4 Qe7 9. Nd2 Nd4 10. Qd3 Bc5 11. c3 O-O-O 12. O-O g5 13. cxd4 Bxd4 14. Qf3
Rdg8 15. Qf5+ Nd7 16. Qxf7 Re8 17. Qxe7 Rxe7 0-1